न्यायदर्शनम् (Record no. 62754)
[ view plain ]
| 000 -LEADER | |
|---|---|
| fixed length control field | 00495nam a22001457a 4500 |
| 003 - CONTROL NUMBER IDENTIFIER | |
| control field | MACL |
| 005 - DATE AND TIME OF LATEST TRANSACTION | |
| control field | 20200722125940.0 |
| 008 - FIXED-LENGTH DATA ELEMENTS--GENERAL INFORMATION | |
| fixed length control field | 200722b xxu||||| |||| 00| 0 eng d |
| 040 ## - CATALOGING SOURCE | |
| Transcribing agency | MACL |
| 100 ## - MAIN ENTRY--PERSONAL NAME | |
| Personal name | मिश्र,प्रो. सच्चिदानन्द |
| 9 (RLIN) | 79154 |
| 245 ## - TITLE STATEMENT | |
| Title | न्यायदर्शनम् |
| 260 ## - PUBLICATION, DISTRIBUTION, ETC. (IMPRINT) | |
| Place of publication, distribution, etc. | वाराणसी |
| Name of publisher, distributor, etc. | द भारतीय विद्या प्रकाशन |
| Date of publication, distribution, etc. | 2018 |
| 650 ## - SUBJECT ADDED ENTRY--TOPICAL TERM | |
| Topical term or geographic name as entry element | दर्शन |
| 9 (RLIN) | 79155 |
| 942 ## - ADDED ENTRY ELEMENTS (KOHA) | |
| Source of classification or shelving scheme | |
| Koha item type | Hindi Books |
| Withdrawn status | Lost status | Source of classification or shelving scheme | Damaged status | Not for loan | Home library | Current library | Date acquired | Cost, normal purchase price | Total Checkouts | Full call number | Barcode | Date last seen | Date last checked out | Price effective from | Koha item type |
|---|---|---|---|---|---|---|---|---|---|---|---|---|---|---|---|
| MACL | MACL | 22/07/2020 | 1200.00 | 2 | 100 | CRH038361 | 25/03/2025 | 28/02/2025 | 22/07/2020 | Hindi Books |









